[Event "AUT-ch U08"]
[Site "St Kanzian"]
[Date "2019.06.23"]
[Round "7"]
[White "Raber, Eduard"]
[Black "Kreuzer, David"]
[Result "1-0"]
[WhiteElo "1292"]
[BlackElo "943"]
[PlyCount "83"]
[EventDate "2019.06.21"]
[EventType "swiss"]
[EventRounds "7"]
[EventCountry "AUT"]
[SourceTitle "CBM 191 Extra"]
[Source "ChessBase"]
[SourceDate "2019.09.30"]
[SourceVersion "1"]
[SourceVersionDate "2019.09.30"]
[SourceQuality "1"]

1. Nf3 d5 2. d4 c6 3. e3 Nf6 4. Bd3 Bg4 5. 0-0 g6 6. Nc3 Nbd7 7. e4 e6 8. exd5 cxd5 9. Bg5 h6 10. Bh4 Be7 11. Be2 0-0 12. Qd2 Kh7 13. Ne5 Bxe2 14. Qxe2 Ng8 15. Nxd7 Qxd7 16. Bg3 Bd6 17. Bxd6 Qxd6 18. Qe5 Qxe5 19. dxe5 f6 20. Rfe1 d4 21. Na4 Rac8 22. b4 b6 23. exf6 Nxf6 24. Rxe6 Rxc2 25. Rd6 Ne4 26. Rxd4 Nxf2 27. Rf1 Kg7 28. Rd7+ Rf7 29. Rxf7+ Kxf7 30. Rxf2+ Rxf2 31. Kxf2 b5 32. Nb2 Kf6 33. Kf3 g5 34. g4 Kg6 35. Nd3 h5 36. h3 hxg4+ 37. hxg4 Kf6 38. Ke4 Ke6 39. Nc5+ Ke7 40. Kf5 Kd6 41. Kxg5 Ke7 42. Kh6 1-0

[Event "AUT-ch U08"]
[Site "St Kanzian"]
[Date "2019.06.22"]
[Round "6"]
[White "Kreuzer, David"]
[Black "Isop, Florian Xenon"]
[Result "1-0"]
[WhiteElo "943"]
[BlackElo "917"]
[PlyCount "25"]
[EventDate "2019.06.21"]
[EventType "swiss"]
[EventRounds "7"]
[EventCountry "AUT"]
[SourceTitle "CBM 191 Extra"]
[Source "ChessBase"]
[SourceDate "2019.09.30"]
[SourceVersion "1"]
[SourceVersionDate "2019.09.30"]
[SourceQuality "1"]

1. e4 e5 2. Nf3 Nc6 3. Bc4 Nf6 4. Ng5 d5 5. exd5 Nxd5 6. Qf3 Be6 7. Nc3 Qxg5 8. Bxd5 Bxd5 9. Nxd5 0-0-0 10. Qxf7 Rd7 11. Qf3 Rf7 12. Qxf7 Ne7 13. Qe8# 1-0

[Event "AUT-ch U08"]
[Site "St Kanzian"]
[Date "2019.06.21"]
[Round "2"]
[White "Kreuzer, David"]
[Black "Wallinger, Nikolaus"]
[Result "0-1"]
[WhiteElo "943"]
[BlackElo "1083"]
[PlyCount "72"]
[EventDate "2019.06.21"]
[EventType "swiss"]
[EventRounds "7"]
[EventCountry "AUT"]
[SourceTitle "CBM 191 Extra"]
[Source "ChessBase"]
[SourceDate "2019.09.30"]
[SourceVersion "1"]
[SourceVersionDate "2019.09.30"]
[SourceQuality "1"]

1. e4 e5 2. Nf3 Nc6 3. Bc4 Bc5 4. c3 Nf6 5. d4 exd4 6. e5 Ng8 7. cxd4 Bb4+ 8. Nc3 d6 9. d5 Nxe5 10. Qa4+ b5 11. Qxb5+ Qd7 12. Qxb4 Ba6 13. Bxa6 Qe7 14. 0-0 Nf6 15. Re1 Nxf3+ 16. gxf3 Qxe1+ 17. Kg2 0-0 18. Qc4 Nh5 19. Qf1 Qe5 20. Bd2 Nf4+ 21. Bxf4 Qxf4 22. Ne2 Qg5+ 23. Kh1 Qxd5 24. Rd1 Qxf3+ 25. Kg1 Rfe8 26. Bc4 Qg4+ 27. Kh1 Qxc4 28. Rc1 Qxe2 29. Qg1 Qf3+ 30. Qg2 Qxg2+ 31. Kxg2 Re2 32. Rxc7 Rxb2 33. a4 Ra2 34. Kf3 Rxa4 35. Rc3 g6 36. h4 d5 0-1